000 00284nam a2200109Ia 4500
008 200302s9999 xx 000 0 und d
100 _aA. E. Bye
245 _aArt in to Landscape Landscape in to art 2nd ed.
260 _bP D A Publishers Corporation
260 _c1988
300 _a185 P.,
999 _c744
_d744